[Event "Lichtenberger Sommer 2018"]
[Site "?"]
[Date "2018.08.26"]
[Round "9.24"]
[White "Heuser, Philip"]
[Black "Krieger, Fabian"]
[Result "1-0"]
[WhiteElo "2049"]
[BlackElo "1936"]
[PlyCount "67"]
[EventDate "2018.??.??"]
[WhiteTeam "Münchener SC"]
[BlackTeam "SV Mattnetz Berlin"]

1. d4 Nf6 2. c4 g6 3. Nf3 Bg7 4. Nc3 d5 5. Bg5 Ne4 6. cxd5 Nxg5 7. Nxg5 e6 8.
Nf3 exd5 9. e3 c6 10. Be2 O-O 11. O-O Nd7 12. b4 Nf6 13. b5 cxb5 14. Bxb5 a6
15. Bd3 b5 16. Qb3 Rb8 17. Rfc1 Be6 18. Ne5 Qd6 19. Ne2 Rfc8 20. Nf4 Nd7 21.
Nxd7 Qxd7 22. a4 bxa4 23. Rxc8+ Qxc8 24. Qxa4 Bh6 25. Ne2 Bg4 26. Qxa6 Qe8 27.
Qd6 Bxe2 28. Bxe2 Rb2 29. Bf3 Rb5 30. Bxd5 Bf8 31. Qc6 Qb8 32. g3 Rb1+ 33. Rxb1
Qxb1+ 34. Kg2 1-0

[Event "Lichtenberger Sommer 2018"]
[Site "?"]
[Date "2018.08.26"]
[Round "9.25"]
[White "Seitz, Patrick"]
[Black "Spors, Carl Philip"]
[Result "1-0"]
[WhiteElo "1998"]
[BlackElo "1902"]
[PlyCount "91"]
[EventDate "2018.??.??"]
[WhiteTeam "SC Böblingen"]
[BlackTeam "Lasker Steglitz-Wilmersdorf"]

1. e4 c5 2. Nf3 d6 3. d4 cxd4 4. Nxd4 Nf6 5. Nc3 a6 6. Bc4 e6 7. Bb3 b5 8. a3
Nbd7 9. O-O Nc5 10. Bg5 Bb7 11. f4 Qc7 12. Bxf6 gxf6 13. f5 e5 14. Nd5 Qd8 15.
Ne2 Nxe4 16. Nec3 Nxc3 17. bxc3 Rc8 18. Qh5 Rg8 19. Rf3 Rg7 20. Rg3 Rxg3 21.
hxg3 h6 22. Nf4 Qe7 23. Ne2 Be4 24. Be6 Rc5 25. a4 Qb7 26. axb5 Rxb5 27. Rxa6
Kd8 28. Qxf7 Qxf7 29. Bxf7 Kc7 30. g4 Kb7 31. Ra2 d5 32. Ng3 Bc5+ 33. Kh2 Be3
34. c4 Rc5 35. Bxd5+ Bxd5 36. cxd5 Rxd5 37. Ne4 Bf4+ 38. g3 Bg5 39. Kg2 Rb5 40.
Nd6+ Kc6 41. Nxb5 Kxb5 42. Kf3 Kc4 43. Ke4 Kc3 44. Kd5 Bd2 45. Ra6 Bg5 46. Rc6+
1-0

[Event "Lichtenberger Sommer 2018"]
[Site "?"]
[Date "2018.08.26"]
[Round "9.26"]
[White "Albrecht, Rainer"]
[Black "Kromer, Thomas"]
[Result "1/2-1/2"]
[WhiteElo "2083"]
[BlackElo "1839"]
[PlyCount "34"]
[EventDate "2018.??.??"]
[WhiteTeam "SC Kreuzberg"]
[BlackTeam "SF Riedlingen"]

1. d4 f5 2. c4 Nf6 3. Nc3 e6 4. e3 Be7 5. Bd3 d6 6. Nge2 O-O 7. Qc2 Nc6 8. a3
Qe8 9. Bd2 Ng4 10. f3 Nh6 11. O-O-O a6 12. g4 Bh4 13. Rhg1 g6 14. e4 f4 15. d5
Ne5 16. Bxf4 Rxf4 17. g5 Rxf3 1/2-1/2

[Event "Lichtenberger Sommer 2018"]
[Site "?"]
[Date "2018.08.26"]
[Round "9.27"]
[White "Schulz, Olaf"]
[Black "Matitschka, Johannes"]
[Result "0-1"]
[WhiteElo "2014"]
[BlackElo "1774"]
[PlyCount "94"]
[EventDate "2018.??.??"]
[WhiteTeam "vereinslos"]
[BlackTeam "TSG Oberschöneweide"]

1. d4 Nf6 2. Nf3 c5 3. e3 cxd4 4. exd4 g6 5. b3 Bg7 6. Bb2 O-O 7. Bc4 d5 8. Bd3
Nc6 9. a3 Bg4 10. h3 Bxf3 11. Qxf3 Qb6 12. O-O Nxd4 13. Qe3 Nh5 14. Nc3 Nxc2
15. Qxb6 axb6 16. Ra2 Nb4 17. axb4 Rxa2 18. Nxa2 Bxb2 19. g3 Ra8 20. Nc1 Nf6
21. Bb5 Ra1 22. Nd3 Rxf1+ 23. Kxf1 Bc3 24. f3 Kf8 25. Ke2 Ne8 26. Ba4 b5 27.
Bxb5 Nd6 28. Bd7 e6 29. b5 Ke7 30. Nc5 Bb4 31. Nd3 Ba3 32. Bxe6 fxe6 33. b6 Nc8
34. b4 Nxb6 35. Kd2 Nc4+ 36. Kc3 Kd6 37. Kb3 b6 38. f4 e5 39. h4 e4 40. Ne1 Bc1
41. Ng2 Bd2 42. g4 e3 43. f5 gxf5 44. g5 e2 45. Kc2 e1=Q 46. Nxe1 Bxe1 47. h5
Bd2 0-1

[Event "Lichtenberger Sommer 2018"]
[Site "?"]
[Date "2018.08.26"]
[Round "9.28"]
[White "Püschel, Werner"]
[Black "Schmidt, Jürgen"]
[Result "1-0"]
[WhiteElo "2034"]
[BlackElo "1874"]
[PlyCount "71"]
[EventDate "2018.??.??"]
[WhiteTeam "Lasker Steglitz-Wilmersdorf"]
[BlackTeam "SC Kreuzberg"]

1. Nf3 d5 2. g3 Nf6 3. Bg2 e6 4. O-O Be7 5. b3 O-O 6. d3 c5 7. c4 Nc6 8. Bb2 d4
9. a3 a5 10. a4 e5 11. Nfd2 Bf5 12. Na3 Qd7 13. Re1 Bh3 14. Bh1 Ng4 15. Bc1 f5
16. Nb5 f4 17. Ne4 fxg3 18. hxg3 Nxf2 19. Nxf2 Rxf2 20. Kxf2 Rf8+ 21. Bf3 e4
22. dxe4 Ne5 23. Bf4 Nxf3 24. exf3 g5 25. Rg1 gxf4 26. gxf4+ Kh8 27. Qd2 Bf6
28. Rad1 Rd8 29. Ke2 Qf7 30. Qxa5 Qh5 31. Qb6 Bh4 32. Qxb7 Qh6 33. Qc7 Bf6 34.
Rg3 d3+ 35. Ke3 d2 36. Rxd2 1-0

[Event "Lichtenberger Sommer 2018"]
[Site "?"]
[Date "2018.08.26"]
[Round "9.29"]
[White "Weber, Gerald"]
[Black "Kapr, Klaus"]
[Result "1-0"]
[WhiteElo "1714"]
[BlackElo "1999"]
[PlyCount "79"]
[EventDate "2018.??.??"]
[WhiteTeam "SSV Rotation Berlin"]
[BlackTeam "SC Friesen Lichtenberg"]

1. c4 e5 2. Nc3 Nc6 3. g3 Nf6 4. Bg2 Bb4 5. Nd5 Bc5 6. a3 a5 7. e3 O-O 8. Ne2
d6 9. O-O Bg4 10. h3 Bf5 11. d4 Ba7 12. b3 Nxd5 13. cxd5 Ne7 14. dxe5 dxe5 15.
Bb2 f6 16. Rc1 Rc8 17. Qd2 Bb6 18. a4 Qd7 19. Kh2 Rfd8 20. Rfd1 Be6 21. Qc2 Bf5
22. e4 Bg6 23. Nc3 c6 24. d6 Nd5 25. Qd2 Nb4 26. Ba3 Bd4 27. Na2 Nxa2 28. Qxa2
c5 29. Qe2 b6 30. Bb2 Qxd6 31. Bf1 Bf7 32. Qd2 Qc6 33. Ba3 Qb7 34. Bd3 Be6 35.
Rb1 g6 36. g4 Kg7 37. Kg3 Rh8 38. f3 Rcd8 39. Re1 Bf2+ 40. Kxf2 1-0

[Event "Lichtenberger Sommer 2018"]
[Site "?"]
[Date "2018.08.26"]
[Round "9.30"]
[White "Simon, Ralf-Axel"]
[Black "Barskij, Aleksandr"]
[Result "0-1"]
[WhiteElo "2149"]
[BlackElo "1890"]
[PlyCount "111"]
[EventDate "2018.??.??"]
[WhiteTeam "SK Ricklingen"]
[BlackTeam "SV Unna"]

1. Nf3 Nf6 2. c4 g6 3. Nc3 d5 4. cxd5 Nxd5 5. e4 Nxc3 6. dxc3 Qxd1+ 7. Kxd1 Bg7
8. Bf4 c6 9. Kc2 Nd7 10. Nd2 Nc5 11. Be3 Nd7 12. h3 h5 13. Bc4 Nf6 14. Rhe1 O-O
15. Bc5 Re8 16. Nf3 b6 17. Ba3 e6 18. Rad1 Bb7 19. Bd6 c5 20. Nd2 Red8 21. Bf4
Bc6 22. f3 Rd7 23. Be2 Rad8 24. Nc4 Rxd1 25. Rxd1 Rxd1 26. Kxd1 Nd7 27. Nd6 a5
28. Bb5 Bxb5 29. Nxb5 Be5 30. Be3 Kf8 31. Kc2 Ke7 32. Kb3 Kd8 33. Bg5+ f6 34.
Be3 Kc8 35. Na3 Kb7 36. Nc4 Bb8 37. a4 Kc6 38. Bh6 f5 39. Bg7 fxe4 40. fxe4 Bc7
41. Kc2 b5 42. axb5+ Kxb5 43. b3 a4 44. Na3+ Ka5 45. Nc4+ Kb5 46. Nb2 axb3+ 47.
Kxb3 Be5 48. c4+ Kc6 49. Bh6 Bxb2 50. Kxb2 Nf6 51. e5 Nd7 52. Bf4 Nb6 53. Kc3
Kd7 54. Bg5 Nc8 55. Kb3 Nb6 56. Bf6 0-1

[Event "Lichtenberger Sommer 2018"]
[Site "?"]
[Date "2018.08.26"]
[Round "9.31"]
[White "Freundorfer, Josef"]
[Black "Grillich, Alexander"]
[Result "1/2-1/2"]
[WhiteElo "2147"]
[BlackElo "1941"]
[PlyCount "67"]
[EventDate "2018.??.??"]
[WhiteTeam "MTV Ingolstadt"]
[BlackTeam "SC Rochade (Berlin)"]

1. e4 g6 2. d4 Bg7 3. Nc3 d6 4. Nf3 c6 5. a4 Nd7 6. Be2 Qc7 7. O-O Ngf6 8. h3
O-O 9. Be3 Re8 10. Bd3 e5 11. Qd2 exd4 12. Nxd4 Ne5 13. f4 Nxd3 14. cxd3 a6 15.
Kh1 d5 16. exd5 Nxd5 17. Nxd5 cxd5 18. f5 Qb6 19. a5 Qd6 20. Bg1 Bd7 21. Rf3
Be5 22. Raf1 f6 23. fxg6 hxg6 24. Qh6 f5 25. h4 Re7 26. Qg5 Qf6 27. Qxf6 Bxf6
28. g3 Rae8 29. Kg2 Bxd4 30. Bxd4 Re2+ 31. R1f2 Bb5 32. h5 Rxf2+ 33. Kxf2 Kh7
34. Bc3 1/2-1/2

[Event "Lichtenberger Sommer 2018"]
[Site "?"]
[Date "2018.08.26"]
[Round "9.32"]
[White "Groß, Thorsten"]
[Black "Miowitz, Torsten"]
[Result "1-0"]
[WhiteElo "2170"]
[BlackElo "1858"]
[PlyCount "45"]
[EventDate "2018.??.??"]
[WhiteTeam "SC Weisse Dame (Berlin)"]
[BlackTeam "Lasker Steglitz-Wilmersdorf"]

1. c4 e6 2. Nc3 d5 3. d4 Nf6 4. Bg5 c6 5. e3 Nbd7 6. Nf3 Be7 7. Qc2 O-O 8. a3
b6 9. cxd5 exd5 10. Bd3 Bb7 11. O-O h6 12. Bh4 c5 13. Rfd1 a6 14. dxc5 bxc5 15.
Rac1 Rc8 16. Bf5 d4 17. exd4 Bxf3 18. gxf3 g5 19. Bg3 c4 20. d5 Bc5 21. Ne4
Nxe4 22. fxe4 Re8 23. Qa4 1-0

[Event "Lichtenberger Sommer 2018"]
[Site "?"]
[Date "2018.08.26"]
[Round "9.33"]
[White "Wörz, Markus"]
[Black "Bender, Sebastian"]
[Result "1/2-1/2"]
[WhiteElo "2027"]
[BlackElo "1896"]
[PlyCount "38"]
[EventDate "2018.??.??"]
[WhiteTeam "SC Kreuzberg"]
[BlackTeam "SC Zugzwang 95 (Berlin)"]

1. e4 c5 2. Nf3 e6 3. Nc3 Nc6 4. d4 cxd4 5. Nxd4 Qc7 6. Be3 a6 7. Qd2 Nf6 8.
O-O-O Bb4 9. f3 Ne5 10. Nb3 b5 11. a3 Be7 12. Qd4 Nc6 13. Qb6 Qe5 14. f4 Qh5
15. Be2 Qg6 16. g4 Bd8 17. Qc5 Be7 18. Qb6 Bd8 19. Qc5 Be7 1/2-1/2

[Event "Lichtenberger Sommer 2018"]
[Site "?"]
[Date "2018.08.26"]
[Round "9.34"]
[White "Kornrumpf, Joachim"]
[Black "Schubert, Joachim"]
[Result "0-1"]
[WhiteElo "2062"]
[BlackElo "1845"]
[PlyCount "90"]
[EventDate "2018.??.??"]
[WhiteTeam "Preetzer TSV"]
[BlackTeam "SC Friesen Lichtenberg"]

1. b3 Nf6 2. Bb2 e6 3. e3 Be7 4. Nf3 b6 5. c4 Bb7 6. Be2 d5 7. cxd5 Qxd5 8. Qc2
c5 9. Nc3 Qd8 10. Rd1 Nc6 11. O-O O-O 12. d4 Qe8 13. dxc5 Bxc5 14. a3 Be7 15.
Bd3 h6 16. b4 Rc8 17. Qa4 Ra8 18. Bb1 g6 19. Nb5 Qb8 20. Rd2 Rd8 21. Rfd1 Rxd2
22. Rxd2 a6 23. Nbd4 Qe8 24. Qd1 Rd8 25. Nxc6 Bxc6 26. Ne5 Rxd2 27. Qxd2 Bb5
28. Bd4 Qb8 29. Qb2 Ne8 30. Qb3 Qc7 31. h3 Bd6 32. f4 Bf8 33. a4 Bd7 34. Nxd7
Qxd7 35. Bxb6 Qd2 36. b5 Qe1+ 37. Kh2 axb5 38. axb5 Nf6 39. Qd3 Nh5 40. e4 Nxf4
41. Qc2 Bd6 42. g3 Ne2 43. Kg2 Qxg3+ 44. Kf1 Qf3+ 45. Bf2 Ng3+ 0-1

[Event "Lichtenberger Sommer 2018"]
[Site "?"]
[Date "2018.08.26"]
[Round "9.35"]
[White "Bonnez, Finn"]
[Black "Bauder, Herbert"]
[Result "1/2-1/2"]
[WhiteElo "1946"]
[BlackElo "1886"]
[PlyCount "39"]
[EventDate "2018.??.??"]
[WhiteTeam "Norrebro Chessclub"]
[BlackTeam "Lasker Steglitz-Wilmersdorf"]

1. d4 Nf6 2. Nf3 g6 3. b3 Bg7 4. Bb2 O-O 5. Nbd2 d5 6. e3 b6 7. c4 c6 8. Be2
Bb7 9. Qc2 Nbd7 10. Rd1 Rc8 11. O-O Qc7 12. Qb1 e6 13. Rfe1 c5 14. Qa1 Rfe8 15.
dxc5 bxc5 16. Ne5 Nxe5 17. Bxe5 Qe7 18. Bf3 Red8 19. Nf1 Ne8 20. Bxg7 1/2-1/2

[Event "Lichtenberger Sommer 2018"]
[Site "?"]
[Date "2018.08.26"]
[Round "9.36"]
[White "Kutschke, Jens"]
[Black "Geldner, Gerrit"]
[Result "1-0"]
[WhiteElo "1984"]
[BlackElo "1780"]
[PlyCount "60"]
[EventDate "2018.??.??"]
[WhiteTeam "SF 1903 Berlin"]
[BlackTeam "vereinslos"]

1. e4 c5 2. Nf3 d6 3. d4 cxd4 4. Nxd4 Nf6 5. Nc3 g6 6. f3 Bg7 7. Be3 O-O 8. Qd2
Nc6 9. O-O-O Bd7 10. g4 Rc8 11. h4 h5 12. gxh5 Nxh5 13. Be2 Be5 14. Nd5 e6 15.
Nxc6 bxc6 16. Nf4 Rb8 17. c3 Qa5 18. Bc4 d5 19. Nxh5 dxc4 20. a3 Rb3 21. Bd4
Rfb8 22. Bxe5 Qxe5 23. Qd4 Qxh5 24. Rh2 Qb5 25. Rdd2 Rxa3 26. Kd1 Ra1+ 27. Ke2
Be8 28. h5 Qg5 29. hxg6 e5 30. Qd6 Bd7 1-0

[Event "Lichtenberger Sommer 2018"]
[Site "?"]
[Date "2018.08.26"]
[Round "9.38"]
[White "Namestnikov, Boris"]
[Black "Lange, Cecilia"]
[Result "1/2-1/2"]
[WhiteElo "1916"]
[BlackElo "1959"]
[PlyCount "53"]
[EventDate "2018.??.??"]
[WhiteTeam "SK Zehlendorf"]
[BlackTeam "TSG Oberschöneweide"]

1. e4 e6 2. d4 d5 3. Nd2 Be7 4. Ngf3 Nf6 5. e5 Nfd7 6. Bd3 c5 7. c3 b6 8. Qe2
Bb7 9. O-O Qc8 10. Re1 Ba6 11. Nf1 Bxd3 12. Qxd3 Nc6 13. a3 a5 14. Bg5 c4 15.
Qe3 h6 16. Bxe7 Nxe7 17. Ng3 g6 18. Qf4 Qd8 19. Nd2 a4 20. Ndf1 Nf5 21. Qf3 Qg5
22. Ne3 O-O 23. Ngxf5 gxf5 24. Qg3 Kh7 25. f4 Qxg3 26. hxg3 Rg8 27. Kf2 1/2-1/2

[Event "Lichtenberger Sommer 2018"]
[Site "?"]
[Date "2018.08.26"]
[Round "9.39"]
[White "Bode, Jan-Michael"]
[Black "Schmidt, Rico"]
[Result "1-0"]
[WhiteElo "1874"]
[BlackElo "1804"]
[PlyCount "123"]
[EventDate "2018.??.??"]
[WhiteTeam "SW Lichtenrade"]
[BlackTeam "SG Weißensee 49"]

1. d4 d5 2. Nf3 c5 3. Bf4 Nc6 4. e3 Qb6 5. b3 cxd4 6. exd4 Bg4 7. c3 Nf6 8. Be2
Bxf3 9. Bxf3 e6 10. O-O Be7 11. Nd2 O-O 12. h3 Rfc8 13. Rb1 Qa5 14. b4 Qd8 15.
a4 Qe8 16. Re1 Qf8 17. Nb3 b6 18. Qd3 Nb8 19. a5 Nbd7 20. a6 Bd6 21. Bxd6 Qxd6
22. b5 e5 23. Qd2 e4 24. Be2 Re8 25. Qe3 Rac8 26. Rec1 h6 27. Kh1 Nf8 28. Na1
Ng6 29. Nc2 Nh4 30. Bg4 Rc7 31. Nb4 h5 32. Bd1 Nh7 33. Nc6 Nf5 34. Qe1 Nf6 35.
Kg1 e3 36. Bc2 Ne4 37. fxe3 Neg3 38. Bxf5 Nxf5 39. Qf2 Nxe3 40. Re1 Qh6 41. Re2
Re6 42. Rbe1 Nc4 43. Qg3 Rd7 44. Rxe6 fxe6 45. Nxa7 h4 46. Qb8+ Kh7 47. Nc6 Qd2
48. Rxe6 Ne3 49. Rxe3 Qxe3+ 50. Kh2 Rf7 51. Qe5 Qc1 52. a7 Rf8 53. Qh5+ Qh6 54.
Qxh6+ Kxh6 55. Nb8 g5 56. a8=Q g4 57. hxg4 Kg5 58. Qxd5+ Kxg4 59. Qe6+ Kh5 60.
Nd7 Rf2 61. Ne5 Rf6 62. Qxf6 1-0

[Event "Lichtenberger Sommer 2018"]
[Site "?"]
[Date "2018.08.26"]
[Round "9.40"]
[White "Jeß, Arne"]
[Black "Grassi, Fabrizio"]
[Result "1-0"]
[WhiteElo "1814"]
[BlackElo "1896"]
[PlyCount "103"]
[EventDate "2018.??.??"]
[WhiteTeam "TSG Fredersdorf/Vogelsdorf"]
[BlackTeam "SV Berlin-Friedrichstadt"]

1. e4 d5 2. exd5 Nf6 3. d4 Nxd5 4. c4 Nb6 5. Nf3 Bg4 6. c5 N6d7 7. h3 Bh5 8.
Nc3 e6 9. Bf4 Nc6 10. Bb5 Ne7 11. g4 Bg6 12. Bxd7+ Qxd7 13. Ne5 Qd8 14. Qa4+ c6
15. Nc4 Nd5 16. Nd6+ Bxd6 17. Bxd6 Nxc3 18. bxc3 b5 19. Qa6 Be4 20. O-O h5 21.
f3 Bd5 22. Qb7 Rc8 23. a4 hxg4 24. hxg4 a6 25. Kg2 Rh6 26. Rh1 Qd7 27. Qxa6 f5
28. Rxh6 gxh6 29. g5 Kf7 30. Qb6 Rg8 31. axb5 Rxg5+ 32. Kf2 Kg6 33. Ra7 Qe8 34.
Qc7 cxb5 35. Qh7+ Kh5 36. Bf4 Rg6 37. Ra1 Bxf3 38. Rg1 Bd5 39. Rg3 Qg8 40. Rh3+
Kg4 41. Qxg8 Rxg8 42. Rg3+ Kxf4 43. Rxg8 Ke4 44. Rd8 h5 45. Rd6 e5 46. c6 Bxc6
47. Rxc6 exd4 48. cxd4 Kxd4 49. Ke2 b4 50. Kd2 f4 51. Rb6 Ke4 52. Ke2 1-0

[Event "Lichtenberger Sommer 2018"]
[Site "?"]
[Date "2018.08.26"]
[Round "9.41"]
[White "Matitschka, Heinz"]
[Black "Jugert, Ole"]
[Result "1-0"]
[WhiteElo "1938"]
[BlackElo "1650"]
[PlyCount "83"]
[EventDate "2018.??.??"]
[WhiteTeam "TSG Oberschöneweide"]
[BlackTeam "vereinslos"]

1. d4 d5 2. c4 e6 3. Nc3 c6 4. e3 Nf6 5. Nf3 Nbd7 6. b3 Bb4 7. Bd2 O-O 8. Be2
Bxc3 9. Bxc3 Ne4 10. Qc2 Ndf6 11. O-O Nxc3 12. Qxc3 Ne4 13. Qc2 b6 14. Bd3 Nf6
15. Ne5 Bb7 16. Rad1 Rc8 17. f4 g6 18. f5 exf5 19. Bxf5 Rc7 20. Rf3 Bc8 21.
Bxc8 Rxc8 22. Rdf1 Ne4 23. Nxf7 Qe7 24. Ne5 Qe6 25. cxd5 cxd5 26. Rxf8+ Rxf8
27. Rxf8+ Kxf8 28. Qc7 Qf5 29. Qd8+ Kg7 30. Qd7+ Qxd7 31. Nxd7 b5 32. Nc5 Nc3
33. a4 bxa4 34. bxa4 a5 35. Kf2 Kf6 36. Kf3 h5 37. e4 dxe4+ 38. Nxe4+ Nxe4 39.
Kxe4 g5 40. Kd5 Kf5 41. Kc6 Ke4 42. d5 1-0

[Event "Lichtenberger Sommer 2018"]
[Site "?"]
[Date "2018.08.26"]
[Round "9.42"]
[White "Kretzschmar, Jan"]
[Black "Segerberg, Tomas"]
[Result "0-1"]
[WhiteElo "1817"]
[BlackElo "2101"]
[PlyCount "70"]
[EventDate "2018.??.??"]
[WhiteTeam "SC Kreuzberg"]
[BlackTeam "SG NARVA Berlin"]

1. d4 e6 2. Nf3 b6 3. g3 Bb7 4. Bg2 Nf6 5. O-O Ne4 6. Nbd2 Nxd2 7. Qxd2 Bxf3 8.
Bxf3 d5 9. e4 c6 10. exd5 exd5 11. c4 Be7 12. cxd5 cxd5 13. Re1 O-O 14. Rxe7
Qxe7 15. Bxd5 Nd7 16. Bxa8 Rxa8 17. b3 Nf6 18. Bb2 Qb7 19. Re1 h6 20. Qd3 Rd8
21. Qf1 Nh7 22. h4 Nf6 23. Qg2 Qa6 24. Ra1 Qe2 25. f3 Qd3 26. Qf1 Qg6 27. Kg2
Nd5 28. Re1 Rc8 29. Qb5 Nf4+ 30. Kh1 Qxg3 31. Re8+ Rxe8 32. Qxe8+ Kh7 33. Qe4+
g6 34. Qc2 Qxf3+ 35. Kh2 Ne2 0-1

[Event "Lichtenberger Sommer 2018"]
[Site "?"]
[Date "2018.08.26"]
[Round "9.43"]
[White "Mayer, Herbert"]
[Black "Sabrowski, Uwe"]
[Result "1/2-1/2"]
[WhiteElo "1840"]
[BlackElo "2106"]
[PlyCount "112"]
[EventDate "2018.??.??"]
[WhiteTeam "SC Rochade (Berlin)"]
[BlackTeam "SC Friesen Lichtenberg"]

1. f4 d5 2. b3 Nf6 3. Nf3 g6 4. Bb2 Bg7 5. e3 O-O 6. Be2 c5 7. O-O Nc6 8. Ne5
Qc7 9. Nxc6 Qxc6 10. d3 Nh5 11. Bxg7 Nxg7 12. Bf3 Nf5 13. Qe1 Qf6 14. Nd2 Rd8
15. Rc1 Rb8 16. g4 Nh4 17. Qg3 Nxf3+ 18. Nxf3 b5 19. f5 Qd6 20. Qxd6 Rxd6 21.
fxg6 hxg6 22. h3 Kg7 23. Rf2 Bd7 24. c4 dxc4 25. dxc4 Re6 26. Rc3 b4 27. Rd3
Bc6 28. Ne1 Rh8 29. Kh2 Re5 30. Kg3 f6 31. Nf3 Re6 32. h4 a5 33. Nd2 Ra8 34.
Rf4 Ra7 35. h5 gxh5 36. Rf5 Re5 37. Rxe5 fxe5 38. gxh5 Ra8 39. e4 Kf6 40. Rf3+
Ke6 41. Kf2 Rh8 42. Rh3 Rh6 43. Ke3 Be8 44. Nf3 Rxh5 45. Rxh5 Bxh5 46. Ne1 Be8
47. Nd3 Kd6 48. Kf3 a4 49. Ke3 axb3 50. axb3 Bh5 51. Kd2 Bg4 52. Nf2 Bf3 53.
Ke3 Bh5 54. Kd2 Bf7 55. Nd3 Bg6 56. Ke3 Bh5 1/2-1/2

[Event "Lichtenberger Sommer 2018"]
[Site "?"]
[Date "2018.08.26"]
[Round "9.44"]
[White "Meister, Alexander"]
[Black "Schumacher, Gerhard"]
[Result "1/2-1/2"]
[WhiteElo "1962"]
[BlackElo "1759"]
[PlyCount "90"]
[EventDate "2018.??.??"]
[WhiteTeam "vereinslos"]
[BlackTeam "SG BVG Helmholz 55"]

1. d4 d6 2. e4 Nf6 3. Bd3 c6 4. c4 e5 5. d5 Be7 6. Nc3 Nbd7 7. Nge2 a6 8. a4 a5
9. O-O Nc5 10. Bc2 O-O 11. f3 Na6 12. Be3 Nb4 13. Bb1 Bd7 14. Qd2 Rc8 15. b3
Qc7 16. Na2 Nxa2 17. Rxa2 c5 18. Nc3 Ra8 19. Qd3 Qd8 20. g4 Ne8 21. h3 Bg5 22.
Ne2 Bxe3+ 23. Qxe3 Qh4 24. Kg2 g5 25. Ng3 Nf6 26. Rh1 Kg7 27. Qc3 b6 28. Ne2
Rh8 29. Qe1 Qxe1 30. Rxe1 h5 31. Ng1 Kg6 32. Rf2 Kg7 33. Kf1 h4 34. Ne2 Rhe8
35. Nc3 Nh7 36. Nd1 Nf8 37. Ne3 Ng6 38. Ng2 Re7 39. Re3 Rae8 40. Ke2 f6 41. Kd2
Nh8 42. Re1 Ng6 43. Bd3 Kf7 44. Rg1 Kg7 45. Re1 Kf7 1/2-1/2

[Event "Lichtenberger Sommer 2018"]
[Site "?"]
[Date "2018.08.26"]
[Round "9.45"]
[White "Plaza Reino, Agustin"]
[Black "Schmalzried, Volker"]
[Result "1/2-1/2"]
[WhiteElo "1944"]
[BlackElo "1807"]
[PlyCount "81"]
[EventDate "2018.??.??"]
[WhiteTeam "Enniscorthy Chess Club"]
[BlackTeam "vereinslos"]

1. e4 c5 2. Nf3 Nc6 3. d4 cxd4 4. Nxd4 g6 5. Nc3 Bg7 6. Nde2 Nf6 7. g3 O-O 8.
Bg2 d6 9. O-O Bd7 10. Nd5 Nxd5 11. exd5 Ne5 12. a4 Qc8 13. Nd4 Bh3 14. Nb5 Bxg2
15. Kxg2 a6 16. Na3 e6 17. c3 exd5 18. Qxd5 Qc6 19. Qxc6 bxc6 20. Rd1 d5 21.
Be3 Rfe8 22. h3 Rab8 23. b4 Rb7 24. Ra2 h6 25. a5 g5 26. Bc5 Nd7 27. Bd4 Bxd4
28. Rxd4 Nf6 29. Rad2 Rbe7 30. R4d3 Re2 31. Nc2 Rxd2 32. Rxd2 Rc8 33. Ne3 Re8
34. Kf3 Kg7 35. Re2 Kg6 36. Nc2 Ne4 37. Re3 Re6 38. Nd4 Rf6+ 39. Ke2 Rxf2+ 40.
Ke1 Rf6 41. c4 1/2-1/2

[Event "Lichtenberger Sommer 2018"]
[Site "?"]
[Date "2018.08.26"]
[Round "9.46"]
[White "Tschernatsch, Johannes"]
[Black "Birkholz, Axel"]
[Result "0-1"]
[WhiteElo "1714"]
[BlackElo "1858"]
[PlyCount "72"]
[EventDate "2018.??.??"]
[WhiteTeam "USV Potsdam"]
[BlackTeam "SR Spaichingen"]

1. e4 c5 2. c3 Nf6 3. e5 Nd5 4. d4 cxd4 5. cxd4 Nc6 6. Nc3 Nxc3 7. bxc3 d6 8.
exd6 Qxd6 9. a4 g6 10. Ba3 Qc7 11. Bd3 Bg7 12. Ne2 O-O 13. O-O Be6 14. Be4 Bc4
15. Re1 Rfd8 16. Bxc6 bxc6 17. Ng3 e5 18. Bc5 exd4 19. cxd4 Rd7 20. Qc2 Be6 21.
Qc3 Rad8 22. Ne2 Bd5 23. a5 Qb7 24. a6 Qb3 25. Qxb3 Bxb3 26. Rec1 Re8 27. Kf1
Bd5 28. Rab1 Be4 29. Rb3 Bh6 30. Ra1 Bd5 31. Rb7 Rxb7 32. axb7 Bc4 33. Rxa7
Rxe2 34. b8=Q+ Re8+ 35. Kg1 Rxb8 36. h3 Bf8 0-1

[Event "Lichtenberger Sommer 2018"]
[Site "?"]
[Date "2018.08.26"]
[Round "9.47"]
[White "Plaza Reino, Mercedes"]
[Black "Eisheh, Jens-Tarek"]
[Result "0-1"]
[WhiteElo "1701"]
[BlackElo "1947"]
[PlyCount "68"]
[EventDate "2018.??.??"]
[WhiteTeam "Enniscorthy Chess Club"]
[BlackTeam "Lübecker SV"]

1. d4 d5 2. c4 e6 3. Nc3 Nf6 4. Bg5 Be7 5. cxd5 exd5 6. Nf3 c6 7. e3 h6 8. Bf4
Nbd7 9. Bd3 Nh5 10. Be5 Nxe5 11. Nxe5 Nf6 12. O-O O-O 13. Rb1 Bd6 14. Nf3 a5
15. a3 Re8 16. Qc2 Qe7 17. Na4 Qc7 18. h3 Ne4 19. Rfc1 Re6 20. Nc3 Qe7 21. Nd2
Nxf2 22. Kxf2 Qh4+ 23. Kg1 Rxe3 24. Nf3 Rxf3 25. gxf3 Bxh3 26. Qf2 Bg3 27. Qe2
Qxd4+ 28. Kh1 Bd7 29. Rd1 Qh4+ 30. Kg1 Re8 31. Qd2 Re5 32. Bf1 Bf4 33. Qc2 Be3+
34. Kg2 Rg5# 0-1

[Event "Lichtenberger Sommer 2018"]
[Site "?"]
[Date "2018.08.26"]
[Round "9.48"]
[White "Roth, Joachim"]
[Black "Schneider, Eckehard"]
[Result "1/2-1/2"]
[WhiteElo "1959"]
[BlackElo "1837"]
[PlyCount "37"]
[EventDate "2018.??.??"]
[WhiteTeam "SG Bund"]
[BlackTeam "SF 1903 Berlin"]

1. d4 Nf6 2. Nf3 g6 3. e3 Bg7 4. Nbd2 O-O 5. c3 b6 6. Bd3 Bb7 7. O-O d6 8. e4
Nbd7 9. Qe2 e5 10. b4 Re8 11. Re1 a5 12. Bb2 d5 13. dxe5 Nxe4 14. Nxe4 dxe4 15.
Bxe4 Bxe4 16. Qxe4 Nxe5 17. Nxe5 Rxe5 18. Qc2 Rxe1+ 19. Rxe1 1/2-1/2

[Event "Lichtenberger Sommer 2018"]
[Site "?"]
[Date "2018.08.26"]
[Round "9.49"]
[White "Jecht, Christian"]
[Black "Metzinger, Hannes"]
[Result "0-1"]
[WhiteElo "1914"]
[BlackElo "1734"]
[PlyCount "70"]
[EventDate "2018.??.??"]
[WhiteTeam "SC Bavaria Regensburg von 1881"]
[BlackTeam "SK Ottenau"]

1. e4 e5 2. Bc4 Nf6 3. d4 exd4 4. Nf3 Nc6 5. O-O Bc5 6. e5 d5 7. exf6 dxc4 8.
Re1+ Be6 9. Ng5 Qd5 10. Nc3 Qf5 11. Nce4 O-O-O 12. g4 Qxg4+ 13. Qxg4 Bxg4 14.
Nxc5 gxf6 15. f3 fxg5 16. fxg4 h5 17. Bd2 f6 18. Re6 Rd5 19. Ne4 Re5 20. Rxe5
Nxe5 21. Rf1 hxg4 22. Rxf6 Nf3+ 23. Rxf3 gxf3 24. Bxg5 Re8 25. Ng3 Re1+ 26. Kf2
Rb1 27. b3 Rb2 28. h4 Rxc2+ 29. Kxf3 cxb3 30. axb3 Rc3+ 31. Kf2 Kd7 32. h5 Ke8
33. Nf5 Rc5 34. Ng7+ Kf7 35. Ne6 Kxe6 0-1

[Event "Lichtenberger Sommer 2018"]
[Site "?"]
[Date "2018.08.26"]
[Round "9.50"]
[White "Kautz, Stefan"]
[Black "Kievelitz, Bernd"]
[Result "0-1"]
[WhiteElo "1894"]
[BlackElo "1868"]
[PlyCount "52"]
[EventDate "2018.??.??"]
[WhiteTeam "SC Empor Maulwurf Bonn"]
[BlackTeam "SC Zitadelle Spandau"]

1. e4 c5 2. Nc3 a6 3. g3 b5 4. a3 Bb7 5. Bg2 e6 6. d3 Nf6 7. Nh3 d6 8. O-O Qc7
9. f4 Nbd7 10. g4 g6 11. Be3 h5 12. g5 Ng8 13. f5 exf5 14. exf5 Bxg2 15. Kxg2
Ne7 16. fxg6 fxg6 17. Nf4 Qc6+ 18. Kg1 O-O-O 19. Ne6 Re8 20. d4 Nd5 21. Qf3
Rxe6 22. Nxd5 Kb7 23. dxc5 Ne5 24. Qg2 dxc5 25. Rae1 Bg7 26. Bd2 Rd8 0-1